000 00940nam a2200229 a 4500
005 20260112063252.0
020 _a9781576751596
039 _a202110271108
_bstaff
_c201211160041
_d staff
_c201008030147
_d staff
_c201008030146
_d staff
_y 201005050351
_z staff
082 _a658.3
_bLEN [ Shelf 49 ]
100 _aLengnick-Hall, Mark L.
245 _aHuman Resource Management in the Knowledge Economy: New Challenges, New Roles, New Capabilities /
_cMark L Lengnick-Hall & Cynthia A. Lengnick-Hall
260 _aSan Francisco:
_bBerrett-Koehler Publishers,
_c2002
300 _axv, 448p.
_c24cm
650 _aPersonnel management
650 _aKnowledge management
650 _aPersonnel management
_z United States
650 _aKnowledge Management
_z United States
700 _aLengnick-Hall,Cynthia A.
991 _aVIRTUA40
991 _aVTLSSORT0080*0200*0820*1000*2450*2600*3000*6500*6501*6502*6503*7000*9992
909 _a2694
999 _c2529
_d2529